01391nam a2200373 a 4500001001200000003000800012006001900020007001500039008004100054010001700095020003700112020003400149020002700183020002700210020002700237040002100264035002100285050003200306100001900338245008400357260005100441300002600492490003400518500002000552533015200572630002500724650003000749650002600779650002300805655002900828710001700857856012600874999001701000ebr10395534CaPaEBRm u cr cn|||||||||100414s2010 inua s 001 0 eng d z 2010926831 z9780470643181 (pbk : alk. paper) z0470643188 (pbk : alk. paper) z9780470908617 (e-book) z9780470908624 (e-book) z9780470908075 (e-book) aCaPaEBRcCaPaEBR a(OCoLC)71299142814aTK5105.8885.A26bG35 2010eb1 aGalloway, Jon.10aProfessional ASP.NET MVC 2h[electronic resource] /cJon Galloway ... [et al.]. aIndianapolis, Ind. :bWiley Pub., Inc.,c2010. axxxii, 518 p. :bill.0 aWrox programmer to programmer aIncludes index. aElectronic reproduction.bPalo Alto, Calif. :cebrary,d2013.nAvailable via World Wide Web.nAccess may be limited to ebrary affiliated libraries.00aActive server pages. 0aMicrosoft .NET Framework. 0aWeb site development. 0aSoftware patterns. 7aElectronic books.2local2 aebrary, Inc.40uhttp://site.ebrary.com/lib/rucke/Doc?id=10395534zAn electronic book accessible through the World Wide Web; click to view c88276d88276